000 00621nam a2200265Ia 4500
005 20260306153117.0
008 008 260114s9999 xx 000 0 eng d
020 _a9780511609398
037 _aEBOOK
040 _aCRL
040 _beng
040 _cCRL
041 _2eng
041 _aeng
084 _qCRL
100 _aBarzel
_91124729
245 0 _aEconomic Analysis of Property Rights
250 _a2nd ed
260 _bCambridge University Press
260 _c2012
650 _aCommerce
856 _uhttps://doi.org/10.1017/CBO9780511609398
942 _cEBOOK
999 _c1702212
_d1702212